000
00252 a2200085 4500
020
_a
9781616891244
100
_a
Julie Torres Moskovitz
245
_a
The Greenest Home: Superinsulated and Passive House Design
260
_b
Princeton Architectural Press
_c
2013
999
_c
13351
_d
13351